00257nam a22001097a 4500020001800000082001800018100002100036245003800057260002400095300000800119650002000127 a9789004168619 a791.43612 BAK aBakker, Freel L. aTheChallenge of the Silver Screen aBostenbBrillc2009 a282 aFilms-Religious